000
00262nam a2200109Ia 4500
008
231219s9999 xx 000 0 und d
041
_a
eng
100
_a
William F.Glueck
245
_a
Management
260
_b
The Dryden Press ,Hinsdale
650
_a
Management
999
_c
979162
_d
979162